| 000 | 01096cab a2200349 4500 | ||
|---|---|---|---|
| 001 | ABS59729 | ||
| 008 | 090401t1998 xxu||||| |||| 00| 0 eng d | ||
| 035 | _a(Sirsi) u89735 | ||
| 041 | _aeng | ||
| 100 | _aColby, A. | ||
| 245 | _aRates of exchange | ||
| 260 | _c1998 | ||
| 350 | _a0 | ||
| 490 |
_aEstates Gazette _v(9846) 14 November 1998, 180-181(2) |
||
| 520 | _aExamines the current law on exchange of contracts and completion, and considers the future of conveyancing. | ||
| 650 | _aCOMMISSION FOR NEW TOWNS V COOPER (GREAT BRITAIN) LTD | ||
| 650 | _aCONTRACTS FOR SALE | ||
| 650 | _aCONVEYANCING | ||
| 650 | _aDIGITAL SIGNATURES | ||
| 650 | _aELECTRONIC TRANSACTIONS | ||
| 650 | _aELECTRONIC TRANSFER | ||
| 650 | _aEXCHANGE OF CONTRACTS | ||
| 650 | _aEXCHANGE OF LETTERS | ||
| 650 | _aFAXES | ||
| 650 | _aLAW OF PROPERTY (MISCELLANEOUS PROVISIONS) ACT 1989 S2 | ||
| 650 | _aMILTON KEYNES DC V COOPER (GREAT BRITAIN) LTD | ||
| 650 | _aPHYSICAL EXCHANGE | ||
| 650 | _aREGISTRATION | ||
| 690 | _aPROPERTY LAW AND PRACTICE | ||
| 942 | _n0 | ||
| 948 | _c17/11/1998 | ||
| 999 |
_c56792 _d56792 |
||